Statistics for NBA Team Career Assists Leaders

Click here to take the quiz!

General Stats

  • This quiz has been taken 149 times
    (104 since last reset)
  • The average score is 21 of 30

Answer Stats

AssistsTeamPlayer% Correct
15,806JazzJohn Stockton
100%
10,141LakersMagic Johnson
96%
5,992WarriorsStephen Curry
96%
9,061PistonsIsiah Thomas
95%
6,228CavaliersLeBron James
91%
6,997SunsSteve Nash
91%
7,731Kings/RoyalsOscar Robertson
88%
6,829SpursTony Parker
86%
4,620NetsJason Kidd
84%
4,433NuggetsNikola Jokić
84%
3,725BucksGiannis Antetokounmpo
83%
5,012BullsMichael Jordan
83%
4,228PelicansChris Paul
81%
4,023ClippersChris Paul
81%
5,310HeatDwyane Wade
79%
7,384Thunder/SuperSonicsGary Payton
79%
6,945CelticsBob Cousy
76%
4,796RocketsJames Harden
74%
4,277RaptorsKyle Lowry
70%
4,141PacersReggie Miller
70%
5,282WizardsJohn Wall
66%
4,509GrizzliesMike Conley
60%
4,791KnicksWalt Frazier
50%
4,216TimberwolvesKevin Garnett
46%
5,557HornetsMuggsy Bogues
44%
6,21276ersMaurice Cheeks
40%
5,319Trail BlazersTerry Porter
29%
3,501MagicJameer Nelson
24%
3,866HawksDoc Rivers
19%
5,111MavericksDerek Harper
15%

Score Distribution

Percentile by Number Answered

Percent of People with Each Score

Your Score History

You have not taken this quiz since the last reset